Kacey Musgraves Charting Songs (Billboard Hot Country) - Statistics

General Stats
  • This quiz has been taken 24 times
  • The average score is 12 of 23
Answer Stats
Album Weeks On Peak Artist(s) Song % Correct
Golden Hour 16 Weeks #17 Kacey Musgraves Rainbow
86%
Same Trailer Different Park 20 Weeks #10 Kacey Musgraves Follow Your Arrow
82%
Same Trailer Different Park 30 Weeks #14 Kacey Musgraves Merry Go 'round
82%
Golden Hour 8 Weeks #32 Kacey Musgraves Butterflies
73%
Pageant Material 18 Weeks #28 Kacey Musgraves Biscuits
68%
Star-Crossed 1 Week #41 Kacey Musgraves Good Wife
68%
Golden Hour 5 Weeks #36 Kacey Musgraves High Horse
68%
Golden Hour 2 Weeks #38 Kacey Musgraves Slow Burn
68%
Star-Crossed 5 Weeks #36 Kacey Musgraves Breadwinner
64%
Star-Crossed 11 Weeks #22 Kacey Musgraves Justified
64%
Star-Crossed 1 Week #37 Kacey Musgraves Star-Crossed
64%
Pageant Material 1 Week #44 Kacey Musgraves Dime Store Cowgirl
59%
Star-Crossed 2 Weeks #31 Kacey Musgraves Simple Times
55%
Golden Hour 8 Weeks #30 Kacey Musgraves Space Cowboy
50%
Frozen II 11 Weeks #31 Kacey Musgraves All Is Found
45%
Star-Crossed 1 Week #44 Kacey Musgraves Cherry Blossom
45%
Same Trailer Different Park 20 Weeks #31 Kacey Musgraves Blowin' Smoke
41%
The Kacey Musgraves Christmas Show 3 Weeks #33 Kacey Musgraves ft. Troye Sivan Glittery
41%
Reboot 3 Weeks #30 Brooks & Dunn with Kacey Musgraves Neon Moon
36%
The Kacey Musgraves Christmas Show 4 Weeks #20 Kacey Musgraves ft. Camila Cabello Rockin' Around the Christmas Tree
27%
Same Trailer Different Park 13 Weeks #40 Kacey Musgraves Keep It To Yourself
18%
Non-Album Single 1 Week #46 Kacey Musgraves The Trailer Song
18%
She's Like Texas 22 Weeks #44 Josh Abbott Band ft. Kacey Musgraves Oh, Tonight
0%
No matching quizzes found
Score Distribution
Percent of People with Each Score
Percentile by Number Answered
Your Score History
You have not taken this quiz